01988nam a2200373 i 4500001001900000003000600019005001700025007000300042008004100045015001900086016001800105020001800123024001800141035001800159040003800177041000800215050002800223100003500251245003400286260003000320300004800350490003100398520081900429650002801248650003401276650004701310650002601357650004501383650004301428655002701471942000801498952009301506999001501599991027392014207026UkOxU20251117133233.0t|240903s2025 enkb 000|f eng d aGBC4D78472bnb7 a3003708722Uk a97803494370648 aCIPO000155402 a(Uk)021324419 aStDuBDSbengcStDuBDSerdadUkOxU aeng aPS3625.A7384 bO59 2025 aYarros, Rebeccaeauthor92495010aOnyx stormc/ Rebecca Yarros. aLondon :bPiatkus,c2025. a527 pages :bmap (black and white) ;c25 cm aThe Empyrean Seriesvbk. 3 aAfter nearly eighteen months at Basgiath War College, Violet Sorrengail knows there's no more time for lessons. No more time for uncertainty. Because the battle has truly begun, and with enemies closing in from outside their walls and within their ranks, it's impossible to know who to trust. Now Violet must journey beyond the failing Aretian wards to seek allies from unfamiliar lands to stand with Navarre. The trip will test every bit of her wit, luck, and strength, but she will do anything to save what she loves--her dragons, her family, her home, and him. Even if it means keeping a secret so big, it could destroy everything. They need an army. They need power. They need magic. And they need the one thing only Violet can find--the truth. But a storm is coming ... and not everyone can survive its wrath. 0aDragonsvFiction926531 0aGood and evilvFiction924131 0aImaginary wars and battlesvFiction924133 0aMagicvFiction924059 0aMan-woman relationships vFiction911134 0aWomen college studentsvFiction926532 0aFantasy fiction922510 2lcc 00102lcc4070aTBSbTBSd2025-11-17l0oP-EN YARpB05631r2025-11-17t1w2025-11-17y1 c5186d5186